000 00630nam a2200181Ia 4500
008 100921s9999 xx 000 0 und d
082 _b3050
_a808.068 थ 60
100 _aदिवाणजी शकुंतला.
245 _aउदयस्तु अंबे.
260 _bवोरा अँड कंपनी,मुंबई.
_c1960
300 _a32
_b---
365 _b0.65
520 _aललित-बालवाङ्रमय.
630 _aउदयस्तु अंबे.
650 _aललित-बालवाङ्रमय.
730 _aउदयस्तु अंबे.
942 _cBOOK
999 _c752163
_d752160